[Event "Matinhos op 6th"]
[Site "Matinhos"]
[Date "2022.09.23"]
[Round "7.17"]
[White "Estrada, Joao Felipe Rebuski"]
[Black "Ribeiro, Gilnei Guedes"]
[Result "1-0"]
[WhiteElo "1800"]
[BlackElo "1387"]
[PlyCount "61"]
[EventDate "2022.09.18"]
[EventType "swiss"]
[EventRounds "7"]
[EventCountry "BRA"]
[SourceTitle "CBM 210 Extra"]
[Source "ChessBase"]
[SourceDate "2022.11.30"]
[SourceVersion "1"]
[SourceVersionDate "2022.11.30"]
[SourceQuality "1"]

1. e4 c5 2. Nf3 e6 3. d3 d6 4. g3 Nf6 5. Bg2 Be7 6. 0-0 0-0 7. Nbd2 Nc6 8. Re1 Qc7 9. c3 b5 10. a3 a5 11. Nf1 b4 12. c4 bxa3 13. b3 Nb4 14. Bxa3 Rb8 15. Bxb4 Rxb4 16. Qc2 Bd7 17. Ne3 Rfb8 18. Reb1 Qb6 19. Ra3 a4 20. Nd2 Ne8 21. Qa2 Bf6 22. Nc2 axb3 23. Nxb3 Bc3 24. Nxb4 Bxb4 25. Ra6 Qd8 26. Na5 Qc7 27. e5 dxe5 28. Nc6 Bxc6 29. Rxc6 Qd7 30. Rxc5 Qd6 31. Rb5 1-0